Sarod Nori

Cornell B


Categories

History - American History0501505689.6005
Fine Arts - Other Fine Arts030030101116.3313
Other0200207385.5022
History - European History02002097104.5002
Science - Biology020220116120.0002
Social Science0210159098.5002
Religion0100108383.0011
History - World History010010107107.0001
Fine Arts - Painting & Sculpture010010122122.0001

Buzzes

History - American HistoryCondoleezza Rice1056
History - American History19881057
OtherBharatiya Janata Party1073
Social Sciencemacroeconomics-581
ReligionAmritsar1083
History - Other Historypower plants1084
Social Sciencecommon law1090
History - European HistoryCarnation Revolution1097
Otherfood waste1098
Fine Arts - Other Fine Artssaris10101